Générique BraveStarr - Paroles - Statistiques

Statistiques générales
  • Ce quiz a été pris 2 fois
  • Le résultat moyen est 11 sur 26
Statistiques - réponses
Paroles % Correct
Bravestarr ! {Bravestarr} !
100%
Bravestarr ! {Bravestarr} !
100%
Très loin d'{ici}
100%
Bravestarr ! {Bravestarr} !
50%
Bravestarr ! {Bravestarr} !
50%
Bravestarr ! {Bravestarr} !
50%
Bravestarr ! {Bravestarr} !
50%
Ciel puissant où brillent trois {soleils}
50%
Du loup, du {faucon}
50%
Flotte aux confins de l'{infini}
50%
Force de l'{ours}
50%
Héros venu d'{ailleurs}
50%
Il a les {pouvoirs}
50%
La planète Nouveau {Texas}
50%
L'oeil du {faucon}
50%
L'oreille du {loup}
50%
Marshall {Bravestarr}
50%
Pour lesquelles on se {bat}
50%
Sur son {cheval} apparaît
50%
Au loin dans le {temps}
0%
Champion de {justice}
0%
De l'ours et du {puma}
0%
Protecteur de la {paix}
0%
Roches de {kériums}
0%
Un jour un {justicier}
0%
Vitesse du {puma}
0%
Aucun quiz correspondant
Distribution des résultats
% des personnes avec chaque résultat
Percentile par nombre de réponses
Votre historique - résultats
Vous n’avez pas pris ce quiz